000 00522nam a2200181Ia 4500
003 IN-BaIIA
008 211028s9999 xx 000 0 eng d
040 _cIIA Library
080 _a512
_bJAC-2
100 _aJacobson, Nathan
_95762
245 0 _aLectures in abstract algebra
_bvol. 2, linear algebra
_cNathan Jacobson
260 _aToronto
_bD. Van Nostrand
_c1965
300 _axii, 280p.
490 _aThe University series in higher mathematics
650 _aAlgebra
_91494
650 _aNASA Thesaurus
942 _cBK
999 _c3243
_d3243